<?xml version="1.0" encoding="UTF-8"?>
<record
    xmlns:xsi="http://www.w3.org/2001/XMLSchema-instance"
    xsi:schemaLocation="http://www.loc.gov/MARC21/slim http://www.loc.gov/standards/marcxml/schema/MARC21slim.xsd"
    xmlns="http://www.loc.gov/MARC21/slim">

  <leader>00265nam a2200121Ia 4500</leader>
  <controlfield tag="008">191201s2019    xx            000 0 und d</controlfield>
  <datafield tag="100" ind1=" " ind2=" ">
    <subfield code="a">DUTT, Saikat </subfield>
  </datafield>
  <datafield tag="245" ind1=" " ind2="0">
    <subfield code="a">Machine Learning</subfield>
  </datafield>
  <datafield tag="260" ind1=" " ind2=" ">
    <subfield code="b">Pearsons</subfield>
  </datafield>
  <datafield tag="300" ind1=" " ind2=" ">
    <subfield code="a">428</subfield>
  </datafield>
  <datafield tag="650" ind1=" " ind2=" ">
    <subfield code="a">B.Tech(IT)</subfield>
  </datafield>
  <datafield tag="942" ind1=" " ind2=" ">
    <subfield code="2">ddc</subfield>
    <subfield code="c">BK</subfield>
  </datafield>
  <datafield tag="999" ind1=" " ind2=" ">
    <subfield code="c">7052</subfield>
    <subfield code="d">7052</subfield>
  </datafield>
  <datafield tag="952" ind1=" " ind2=" ">
    <subfield code="0">0</subfield>
    <subfield code="1">0</subfield>
    <subfield code="2">ddc</subfield>
    <subfield code="4">0</subfield>
    <subfield code="7">0</subfield>
    <subfield code="8">BTECHIT</subfield>
    <subfield code="a">PIET</subfield>
    <subfield code="b">PIET</subfield>
    <subfield code="d">2020-07-21</subfield>
    <subfield code="e">Kirti Prakashan</subfield>
    <subfield code="g">569.00</subfield>
    <subfield code="k">IN 3974</subfield>
    <subfield code="l">6</subfield>
    <subfield code="o">006.31 DUM</subfield>
    <subfield code="p">31265</subfield>
    <subfield code="r">2024-09-16 00:00:00</subfield>
    <subfield code="s">2022-02-24</subfield>
    <subfield code="v">386.92</subfield>
    <subfield code="w">2019-05-24</subfield>
    <subfield code="y">BK</subfield>
  </datafield>
  <datafield tag="952" ind1=" " ind2=" ">
    <subfield code="0">0</subfield>
    <subfield code="1">0</subfield>
    <subfield code="2">ddc</subfield>
    <subfield code="4">0</subfield>
    <subfield code="7">0</subfield>
    <subfield code="8">BTECHIT</subfield>
    <subfield code="a">PIET</subfield>
    <subfield code="b">PIET</subfield>
    <subfield code="d">2020-07-21</subfield>
    <subfield code="e">Kirti Prakashan</subfield>
    <subfield code="g">569.00</subfield>
    <subfield code="k">IN 3974</subfield>
    <subfield code="l">5</subfield>
    <subfield code="o">006.31 DUM</subfield>
    <subfield code="p">31266</subfield>
    <subfield code="r">2023-09-06 00:00:00</subfield>
    <subfield code="s">2023-03-31</subfield>
    <subfield code="v">386.92</subfield>
    <subfield code="w">2019-05-24</subfield>
    <subfield code="y">BK</subfield>
  </datafield>
  <datafield tag="952" ind1=" " ind2=" ">
    <subfield code="0">0</subfield>
    <subfield code="1">0</subfield>
    <subfield code="2">ddc</subfield>
    <subfield code="4">0</subfield>
    <subfield code="7">0</subfield>
    <subfield code="8">CSEAIML</subfield>
    <subfield code="a">PIET</subfield>
    <subfield code="b">PIET</subfield>
    <subfield code="d">2020-07-21</subfield>
    <subfield code="e">Kirti Prakashan</subfield>
    <subfield code="g">569.00</subfield>
    <subfield code="k">IN 3974</subfield>
    <subfield code="l">6</subfield>
    <subfield code="o">006.31 DUM</subfield>
    <subfield code="p">31267</subfield>
    <subfield code="r">2024-05-20 00:00:00</subfield>
    <subfield code="s">2024-05-02</subfield>
    <subfield code="v">386.92</subfield>
    <subfield code="w">2019-05-24</subfield>
    <subfield code="y">BK</subfield>
  </datafield>
</record>
